| 000 | 00668cam a22002411 4500 | ||
|---|---|---|---|
| 001 | sa 68015920 | ||
| 003 | DLC | ||
| 005 | 20260227112649.0 | ||
| 008 | 700701s1968 ii 000 0 eng | ||
| 010 | _asa 68015920 | ||
| 025 | _aPL480:I-E-10126 | ||
| 040 |
_aDLC _cDLC _dDLC |
||
| 050 | 0 | 0 |
_aBL1146.V3 _bE4 |
| 082 | 0 | 0 | _a294.5/44 |
| 100 | 1 | _aVaidyanathan, K. S. | |
| 245 | 1 | 4 |
_aThe elevated way _c[by] K. S. Vaidyanathan. |
| 260 |
_a[Madras] _bDistributors: Higginbothams, _c1968. |
||
| 300 |
_a216 p. _c22 cm. |
||
| 350 | _a6.00 | ||
| 500 | _a"The Satwa plane life": leaf (inserted) | ||
| 650 | 0 |
_aReligious life _xHinduism. |
|
| 650 | 0 |
_aHinduism _xDoctrines. |
|
| 999 |
_c86797 _d86797 |
||